000 00509nam a2200145Ia 4500
008 260210s9999 xx 000 0 und d
024 _a16B-064-EL & 16B-249-EL
082 _a004.4092 SYE
100 _aSyed Ghufran Ullah, Shaheryar Ahmed
245 0 _aWhilfley Table
260 _aKarachi:
_bUITU,
_c2016
600 _aElectronic Engineering
650 _aBachelor of Engineering (BE)
856 _uhttps://drive.google.com/file/d/1dBUO3mlsRM1s43DuDrAAaruF9j7p2IPy/view?usp=sharing
_yClick here for PDF
999 _c33265
_d33265